The moon also sets/ (Record no. 9431)

000 -LEADER
fixed length control field 00456nam a2200145 4500
008 - FIXED-LENGTH DATA ELEMENTS--GENERAL INFORMATION
fixed length control field 151027b xxu||||| |||| 00| 0 eng d
020 ## - INTERNATIONAL STANDARD BOOK NUMBER
International Standard Book Number 9966251510
050 ## - LIBRARY OF CONGRESS CALL NUMBER
Classification number PR 9387.9.O35M6 2002
100 ## - MAIN ENTRY--PERSONAL NAME
Personal name Ogbu, Osi.
245 ## - TITLE STATEMENT
Title The moon also sets/
Statement of responsibility, etc. Osi Ogbu
260 ## - PUBLICATION, DISTRIBUTION, ETC. (IMPRINT)
Place of publication, distribution, etc. Nairobi :
Name of publisher, distributor, etc. East African Educational Publishers,
Date of publication, distribution, etc. 2002.
300 ## - PHYSICAL DESCRIPTION
Extent 308 p. ;
Dimensions 17cm.
650 ## - SUBJECT ADDED ENTRY--TOPICAL TERM
Topical term or geographic name as entry element African Fiction.
942 ## - ADDED ENTRY ELEMENTS (KOHA)
Source of classification or shelving scheme
Koha item type Africana (Books)
Classification part PR 9387.9.O35M6 2002
Holdings
Withdrawn status Lost status Source of classification or shelving scheme Damaged status Not for loan Home library Current library Shelving location Date acquired Source of acquisition Cost, normal purchase price Total Checkouts Full call number Barcode Date last seen Date last checked out Price effective from Koha item type
          MACHAKOS UNIVERSITY LIBRARY MACHAKOS UNIVERSITY LIBRARY Africana 27/10/2015 Textbook Centre 742.00 1 PR 9387.9.O35M6 2002 17101 12/09/2019 12/09/2019 27/10/2015 Africana (Books)
          MACHAKOS UNIVERSITY LIBRARY MACHAKOS UNIVERSITY LIBRARY Africana 04/12/2017 Textbook Centre 742.00   PR 9387.9.O35M6 2002 37665 30/05/2019   04/12/2017 Africana (Books)
          MACHAKOS UNIVERSITY LIBRARY MACHAKOS UNIVERSITY LIBRARY Africana 04/12/2017 Textbook Centre 742.00   PR 9387.9.O35M6 2002 37666 30/05/2019   04/12/2017 Africana (Books)
          MACHAKOS UNIVERSITY LIBRARY MACHAKOS UNIVERSITY LIBRARY Africana 04/12/2017 Textbook Centre 742.00   PR 9387.9.O35M6 2002 37670 30/05/2019   04/12/2017 Africana (Books)
© Machakos University Library, Along The Highway, Machakos Wote Rd, Machakos, Kenya P.O. Box 136 - 90100 Machakos - Kenya

Tel: ( +254 ) 723 805829 OR Fax : 044-20353 OR Email: library@mksu.ac.ke